000 01063cam a22003131a 4500
001 17224433
003 OSt
005 20150408114142.0
008 120323s2011 enka bf 001 0 eng
010 _a 2012382520
020 _a9781444120134
040 _aDLC
_cDLC
_dDLC
042 _apcc
050 0 0 _aRC86.8
_b.B76 2011
082 0 0 _a616.025
_223
_bBAE
100 1 _aBrown, Anthony F. T.
_937593
245 1 0 _aEmergency medicine :
_bdiagnosis and management /
_cAnthony F.T. Brown, Michael D. Cadogan.
250 _a6th ed.
260 _aLondon :
_bHodder Arnold ;
_c2011.
300 _axxiii, 532 p. :
_bill. ;
_c20 cm.
500 _aRev. ed. of: Accident and emergency. 4th ed. 2002.
504 _aIncludes bibliographical references and index.
650 0 _aEmergency medicine
_vHandbooks, manuals, etc.
_913827
700 1 _aCadogan, Michael D.
_937594
730 0 _aAccident and emergency.
_937595
906 _a7
_bcbc
_corigcop
_d2
_encip
_f20
_gy-gencatlg
942 _2ddc
_cBOOK
999 _c31167
_d265667